skbl

Dr Suryya Kumar Bhuyan Library Web-OPAC
ডঃ সূৰ্য্য
কুমাৰ ভূঞা পুথিভঁৰাল ৱেব-অ'পেক

All Research Scholars are advised to clear the annual library fees to continue using Library Resources, Remote Access, Plagiarism Test and Library Clearance.

Cotton University Book Fair 2026

Asomor Sah Udyogyor Akthetit Kaheni (Record no. 66803)

MARC details
000 -LEADER
fixed length control field 00506nam a2200181Ia 4500
001 - CONTROL NUMBER
control field 65710
008 - FIXED-LENGTH DATA ELEMENTS--GENERAL INFORMATION
fixed length control field 221109n ii |||gr||||Z||||||asm
082 ## - DEWEY DECIMAL CLASSIFICATION NUMBER
Classification number 891.41308
100 ## - MAIN ENTRY--PERSONAL NAME
Personal name Borgohain, Homen.
245 #0 - TITLE STATEMENT
Title Asomor Sah Udyogyor Akthetit Kaheni
Statement of responsibility, etc. By Homen Borgohain
Medium Textual Documents
250 ## - EDITION STATEMENT
Edition statement 3rd edn.
260 ## - PUBLICATION, DISTRIBUTION, ETC.
Place of publication, distribution, etc. Guwahati
Name of publisher, distributor, etc. Student`s Stores
300 ## - PHYSICAL DESCRIPTION
Extent 79pg:
Dimensions 23cm.
653 ## - INDEX TERM--UNCONTROLLED
Uncontrolled term Asomor Sah Udyogyor Akthetit Kaheni
653 ## - INDEX TERM--UNCONTROLLED
Uncontrolled term Assamese
653 ## - INDEX TERM--UNCONTROLLED
Uncontrolled term G-H B Collection
942 ## - ADDED ENTRY ELEMENTS (KOHA)
Source of classification or shelving scheme Dewey Decimal Classification
Koha item type Books
Holdings
Withdrawn status Lost status Damaged status Not for loan Collection Home library Current library Shelving location Date acquired Coded location qualifier Cost, normal purchase price Total checkouts Full call number Barcode Date last seen Copy number Price effective from Koha item type
          Dr. Suryya Kumar Bhuyan Library Dr. Suryya Kumar Bhuyan Library   07/11/2022 00000 80.00   891.41308 Bo 644 As 159/hbc 14/01/2024 1 07/11/2022 Books
          Dr. Suryya Kumar Bhuyan Library Dr. Suryya Kumar Bhuyan Library   07/11/2022 00000 80.00   891.41308 Bo 644 As 158/hbc 14/01/2024 2 07/11/2022 Books

Designed and Maintained by Team SKBL
©1901-2026

Powered by Koha